Truyện ngụ ngôn cổ điển: Các nàng công chúa Song ngữ Thái - Anh

Gespeichert in:
Bibliographische Detailangaben
Format: Buch
Tags: Tag hinzufügen
Keine Tags, Fügen Sie den ersten Tag hinzu!
Thư viện lưu trữ: Mạng thư viện Đại học Đà Nẵng
LEADER 00451nam a22001691a 4500
001 000037142
003 13437
005 20160412015144.0
008 160412s0 000
082 |a 4T(TK)11 
245 |a Truyện ngụ ngôn cổ điển: Các nàng công chúa Song ngữ Thái - Anh 
OWN |a LNN 
999 |a From the UDN01 
TYP |a Monograph 
980 |a Mạng thư viện Đại học Đà Nẵng